000
00315nam a2200145Ia 4500
100
_a
Haykin/Simons
250
_a
2
942
_c
BK
654
_a
Neural
245
_a
Neural Networks:A comprehensive foundation
260
_b
Pearson Education
_c
1999
082
_a
4.65
_b
HAY
300
_a
842
546
_a
ENGLISH
999
_c
22746
_d
22746